000 00428nam a2200169Ia 4500
005 20250623025619.0
008 240331s9999 xx 000 0 und d
020 _a9552104882
082 _bSEN
_a323
100 _aSeniviratne, C
245 0 _aNirayudakaranaya samayasaha sanwardenaya
260 _aColombo
_bA.M.D. Gunasena
_c1990
300 _a161 p .,
650 _aDisarmament peace
650 _aDevelopment
942 _cL
999 _c2502
_d2502